| 000 | 00516nam a2200181 4500 | ||
|---|---|---|---|
| 005 | 20250327140712.0 | ||
| 010 | _aENG-144301 | ||
| 020 | _c580.00 | ||
| 035 | _aEN-127833 | ||
| 037 | _bDBAD | ||
| 082 |
_a954.01 _21 |
||
| 245 |
_aRediscovering India: _bAn Exhibition of Important Archaelogical Finds:1961-2011/ |
||
| 260 |
_aNew Delhi _bArchaecological Survey of India _c2013 |
||
| 270 |
_bNew Delhi _e110011 |
||
| 300 |
_a290p. _c29cm(pb) |
||
| 700 | _979964 | ||
| 942 |
_2ddc _cEN _h954.01 _mRED |
||
| 999 |
_c210543 _d210543 |
||